000 00667nam a2200181Ia 4500
003 GCL
008 140319s9999 xx 000 0 ara d
020 _a3037575897
040 _aGCL /
_cGCL
082 0 4 _a229.7
_bص ن
100 1 _aصلاح الدين محمد عبدالتواب
245 1 0 _aالنقد الادبى :
_bدراسات نقدية وادبية حول اعجاز القرآن /
_cصلاح الدين محمد عبدالتواب
260 _aالقاهرة :
_bدار الكتاب الحديث ،
_c2003
300 _aمتعدد ؛
_c24 سم
650 0 4 _aالادب - تاريخ ونقد
650 0 4 _aالقران - اعجاز
942 _2ddc
_cBK
999 _c6003
_d6003